000 00602nam a22002177a 4500
003 UA-OsUOA
001 131092
007 ta
008 20180521b un ||||| |||| 00| 0 ukr d
100 _aСіхарулідзе Н.
090 _a82
_bС41
942 _cSA
040 _aUA-OsUOA
_bukr
_cUA-OsUOA
_dUA-OsUOA
245 _aДва етюди з грузино-українських літературних взаємин
300 _aС.37-45
955 _a0
041 _aukr
080 _a82
773 0 _w131090
650 7 _a82 Література. Літературознавство
_2UDC
999 _c418399
_d418399